|
|
|
|
| LEADER |
01111cam a2200289Ia 4500 |
| 001 |
9780203498774 |
| 003 |
FlBoTFG |
| 005 |
20091230162920.0 |
| 006 |
a|||||s||||||||||| |
| 007 |
cr|||| |
| 008 |
030402s2003 enk sb 001 0 eng d |
| 020 |
|
|
|a 9780203498774 (e-book : PDF)
|
| 040 |
|
|
|a FlBoTFG
|c FlBoTFG
|d GrThAP
|
| 090 |
|
|
|a BS744.A7
|b H66 2003
|
| 092 |
|
|
|a 221.4809
|b H773
|
| 100 |
1 |
|
|a Honigman, Sylvie,
|d 1965-
|
| 245 |
1 |
4 |
|a The Septuagint and Homeric scholarship in Alexandria
|h [electronic resource] :
|b a study in the narrative of the Letter of Aristeas /
|c Sylvie Honigman.
|
| 260 |
|
|
|a London ;
|a New York :
|b Routledge,
|c 2003.
|
| 300 |
|
|
|a xii, 210 p.
|
| 504 |
|
|
|a Includes bibliographical references (p. 151-197) and indexes.
|
| 530 |
|
|
|a Also available in print edition.
|b CRC Press (http://www.crcpress.com)
|
| 538 |
|
|
|a Mode of access: World Wide Web.
|
| 630 |
0 |
0 |
|a Letter of Aristeas.
|
| 630 |
0 |
0 |
|a Bible.
|p O.T.
|l Greek
|x Versions
|x Septuagint.
|
| 655 |
|
7 |
|a Electronic books.
|2 lcsh
|
| 776 |
1 |
|
|z 9780415280723
|
| 856 |
4 |
0 |
|u http://www.tandfebooks.com/isbn/9780203498774
|z Full Text via HEAL-Link
|